000 00625nam a2200241Ia 4500
003 OSt
005 20220918200539.0
006 a|||||r|||| 00| 0
007 ta
008 220917b |||||||| |||| 00| 0 eng d
024 _a89,288
037 _cTextual
040 _aARTS
_cARTS
_beng
041 _2eng
_aeng
082 _aU285e, G9
100 _aGlaisher James
_994605
245 0 _aHygrometrical tables adapted to the use of the dry and wet buld thermometer
250 _a16th
260 _c1939
650 _aGEOGRAPHY
942 _hU285e, G9
_cTEXL
_2CC
999 _c212958
_d212958